000
00339nam a2200145Ia 4500
005
20251222143240.0
008
251222s9999||||xx |||||||||||||| ||spa||
020
_a
0-471-15775-9
082
_a
657.046/K53/T.I
100
_a
Donald, Kieso
245
0
_a
Intermediate Accounting
250
_a
9a.ed.
264
_b
John Wiley
942
_c
LIB
999
_c
14525
_d
14525